00331nam a2200109Ia 450000500170000000800410001710000210005824500780007926000290015730000110018665000240019720260328104328.0260328s9999||||xx |||||||||||||| ||und|| aVillate, Camilo  0aErase una vez un Edificio ....Torre de oficinas Avianca /cCamilo Villate bUniversidad de los Andes a333 p. aEDIFICIOS EN ALTURA